UBT Library

Meeting the nation's needs for biomedical and behavioral scientists / (Record no. 40559)

000 -LEADER
fixed length control field 00959cam a2200265 a 4500
001 - CONTROL NUMBER
control field 3017511
005 - DATE AND TIME OF LATEST TRANSACTION
control field 20180119050054.0
008 - FIXED-LENGTH DATA ELEMENTS--GENERAL INFORMATION
fixed length control field 940802s1994 dcua b 000 0 eng d
010 ## - LIBRARY OF CONGRESS CONTROL NUMBER
LC control number 94066477
020 ## - INTERNATIONAL STANDARD BOOK NUMBER
International Standard Book Number 0309050863
035 ## - SYSTEM CONTROL NUMBER
System control number (OCoLC)31190522
040 ## - CATALOGING SOURCE
Original cataloging agency OAU
Transcribing agency OAU
Modifying agency NSyU
-- CoD
-- DLC
041 ## - LANGUAGE CODE
Language code of text/sound track or separate title eng
042 ## - AUTHENTICATION CODE
Authentication code lccopycat
043 ## - GEOGRAPHIC AREA CODE
Geographic area code n-us---
080 ## - UNIVERSAL DECIMAL CLASSIFICATION NUMBER
Universal Decimal Classification number 331.12
082 00 - DEWEY DECIMAL CLASSIFICATION NUMBER
Classification number 331.12 NRC
Edition number 20
100 ## - Rafti
Rafti 52
101 ## - Shkurtesa
Shkurtesa BNJ
245 00 - TITLE STATEMENT
Title Meeting the nation's needs for biomedical and behavioral scientists /
Statement of responsibility, etc Committee on National Needs for Biomedical and Behavioral Research Personnel, Studies and Surveys Unit, Office of Scientific and Engineering Personnel, National Research Council.
504 ## - BIBLIOGRAPHY, ETC. NOTE
Bibliography, etc Includes bibliographical references.
906 ## - LOCAL DATA ELEMENT F, LDF (RLIN)
a 7
b cbc
c copycat
d 2
e opcn
f 19
g y-gencatlg
942 ## - ADDED ENTRY ELEMENTS (KOHA)
Source of classification or shelving scheme
Item type Books
Holdings
Withdrawn status Lost status Source of classification or shelving scheme Damaged status Not for loan Collection code Permanent location Current location Shelving location Date acquired Total Checkouts Full call number Barcode Date last seen Price effective from Koha item type
          Koleksioni i përgjithshem UBT - Lipjan UBT - Lipjan Koleksioni i përgjithshem 01/19/2018   331.12 NRC 002-2995937 01/19/2018 01/19/2018 Books
UBT Library © 2015-2024. All rights reserved University Education for Business and Technology